Statistics for Japanese Prefecture Flags

Click here to take the quiz!

General Stats

  • This quiz has been taken 137 times
  • The average score is 40 of 47

Answer Stats

Answer% Correct
Hokkaido
98%
Tokyo
97%
Aomori
92%
Kyoto
90%
Osaka
89%
Saitama
89%
Aichi
87%
Akita
87%
Chiba
87%
Ehime
87%
Fukushima
87%
Fukuoka
86%
Gifu
86%
Hiroshima
86%
Ishikawa
86%
Miyagi
86%
Nagasaki
86%
Nara
86%
Saga
86%
Toyama
86%
Gunma
84%
Hyōgo
84%
Iwate
84%
Kagawa
84%
Kagoshima
84%
Kōchi
84%
Mie
84%
Nagano
84%
Okayama
84%
Okinawa
84%
Tochigi
84%
Yamanashi
84%
Ibaraki
83%
Kanagawa
83%
Miyazaki
83%
Niigata
83%
Ōita
83%
Shimane
83%
Tokushima
83%
Tottori
83%
Wakayama
83%
Yamagata
83%
Yamaguchi
83%
Fukui
81%
Shizuoka
81%
Kumamoto
79%
Shiga
79%

Score Distribution

Percentile by Number Answered

Percent of People with Each Score

Your Score History

You have not taken this quiz